Countries by Coastline Shape - Statistics

General Stats
  • This quiz has been taken 3,087 times
    3,075 since last reset
  • The average score is 11 of 16
Answer Stats
Picture Answer % Correct
Chile
99%
Japan
99%
France
97%
United States
97%
Russia
91%
Brazil
88%
China
85%
South Korea
81%
Monaco
77%
Morocco
77%
Saudi Arabia
67%
Finland
41%
Israel
40%
Thailand
35%
Senegal
25%
Guatemala
17%
No matching quizzes found
Score Distribution
Percent of People with Each Score
Percentile by Number Answered
Your Score History
You have not taken this quiz since the last reset